Poesía secular: edición bilingue
Saved in:
| Main Author: | |
|---|---|
| Format: | Book |
| Language: | Hebrew Spanish |
| Published: |
Madrid
Ediciones Alfaguara S. A
1978
|
| Series: | Clásicos Alfaguara
|
| Subjects: | |
| Tags: |
Add Tag
No Tags, Be the first to tag this record!
|
MARC
| LEADER | 00000cam a2200000 a 4500 | ||
|---|---|---|---|
| 001 | UCF7726 | ||
| 003 | CL-VaPUC | ||
| 008 | 130704e19780000SP |||||||||||||||||heb|d | ||
| 020 | |a 8420409510 | ||
| 041 | 0 | 7 | |a heb |2 CL-VaPUC |
| 041 | 0 | 7 | |a spa |2 CL-VaPUC |
| 082 | 0 | 4 | |a 892.401 |b IBN |2 21 |
| 100 | |a Ibn Gabirol, Selomo |e author |9 623242 | ||
| 245 | 1 | 0 | |a Poesía secular: edición bilingue |
| 300 | |a 532 p | ||
| 942 | |c BK | ||
| 945 | |d 20130704 00:00:00 |a dcastane | ||
| 260 | |a Madrid |b Ediciones Alfaguara S. A |c 1978 | ||
| 650 | 7 | |a POESIAS HEBREAS |2 CL-VaPUC |9 266387 | |
| 650 | 7 | |a LITERATURA HEBREA |2 CL-VaPUC |9 318156 | |
| 583 | |a last modification |c 20130708 03:51:19 |k Rodrigo Vera | ||
| 490 | 0 | |a Clásicos Alfaguara | |
| 999 | |c 352521 |d 352519 | ||
| 952 | |0 0 |1 0 |4 0 |6 892_401000000000000_IBN_1978 |7 0 |8 A |9 457071 |a BIBART |b BIBART |d 2019-11-22 |i 4985060 |o 892.401 IBN 1978 |p 4985060 |r 2025-03-13 |w 2019-11-22 |y BK |k ART | ||